[Event "1.CLZ 24/25,TJ Neratovice-Chess club Pisek"]
[Site "Neratovice"]
[Date "2024.11.24"]
[Round "3.8"]
[White "Vybiral, Zdenek"]
[Black "Purnoch, Josef"]
[WhiteElo "2152"]
[BlackElo "2102"]
[Result "1/2-1/2"]
[PlyCount "56"]

1. d4 Nf6 2. Nc3 d5 3. Bf4 c5 4. e3 a6 5. dxc5 e6 6. Na4 Bxc5 7. Nxc5 Qa5+ 8.
c3 Qxc5 9. Nf3 O-O 10. Bd3 b5 11. Ne5 Nbd7 12. O-O Bb7 13. a4 bxa4 14. Rxa4 Qe7
15. Qb3 Nc5 16. Qa3 Rfe8 17. Ra5 Nxd3 18. Qxe7 Rxe7 19. Nxd3 Ne8 20. Bg3 f6 21.
Nb4 Bc8 22. Rfa1 Rb7 23. f3 Kf7 24. R1a2 Rb6 25. Bf2 Rd6 26. Bg3 Rb6 27. Bf2
Rd6 28. Bg3 Rb6 1/2-1/2

[Event "1.CLZ 24/25,Sokol Vysehrad-DP Praha"]
[Site "Praha"]
[Date "2024.11.24"]
[Round "3.1"]
[White "Vlasak, Lukas"]
[Black "Burdalev, Kirill"]
[WhiteElo "2458"]
[BlackElo "2348"]
[Result "1/2-1/2"]
[PlyCount "123"]

1. Nf3 d5 2. g3 Nd7 3. d4 Nb6 4. Nc3 Nf6 5. Bg2 g6 6. O-O Bg7 7. a4 a5 8. b3
Ne4 9. Bb2 O-O 10. e3 Nxc3 11. Bxc3 Nd7 12. Qe1 b6 13. Qc1 Ba6 14. Rd1 c5 15.
Qb2 Rc8 16. dxc5 Bxc3 17. Qxc3 Rxc5 18. Qd2 Qc7 19. c4 Nf6 20. cxd5 Nxd5 21. e4
Nc3 22. Re1 Rd8 23. Qb2 Bb7 24. Nd2 Ne2+ 25. Rxe2 Rc2 26. Qb1 Ba6 27. Re3 Rdxd2
28. Qe1 Qe5 29. Rb1 Qc5 30. Ra1 Re2 31. Rxe2 Rxe2 32. Qf1 Ra2 33. Rxa2 Bxf1 34.
Bxf1 Qc1 35. Re2 h5 36. h4 Qd1 37. Re3 e5 38. Kg2 Qd4 39. Bc4 Kg7 40. Kg1 Qd1+
41. Kg2 Qd4 42. Kg1 f5 43. exf5 gxf5 44. Rd3 Qc5 45. Rd5 Qc7 46. Kg2 Kf6 47.
Kf3 Qe7 48. Kg2 Qa3 49. Rb5 Qd6 50. Rd5 Qc6 51. Kg1 Qc7 52. Kg2 e4 53. Rd4 Qc6
54. Rd5 Qc7 55. Rd4 Qe7 56. Kf1 Qe5 57. Rd5 Qa1+ 58. Kg2 Qb2 59. Rd6+ Kg7 60.
Rd7+ Kf6 61. Rd6+ Kg7 62. Rd7+ 1/2-1/2

[Event "1.CLZ 24/25,Sokol Vysehrad-DP Praha"]
[Site "Praha"]
[Date "2024.11.24"]
[Round "3.2"]
[White "Plischki, Sebastian"]
[Black "Vavra, Pavel"]
[WhiteElo "2310"]
[BlackElo "2310"]
[Result "1-0"]
[PlyCount "49"]

1. c4 c6 2. Nf3 d5 3. e3 Nf6 4. Nc3 Nbd7 5. d4 e6 6. Qc2 Bd6 7. b3 O-O 8. Be2
b6 9. O-O Bb7 10. Bb2 c5 11. cxd5 exd5 12. Rfd1 Qe7 13. Rac1 Rac8 14. Bd3 Ne4
15. Qe2 Ndf6 16. h3 Nxc3 17. Bxc3 Rc7 18. dxc5 Bxc5 19. b4 Bd6 20. Qb2 Rcc8 21.
a3 Rfe8 22. Nh4 Qf8 23. Nf5 Bb8 24. Nxg7 d4 25. Nxe8 1-0

[Event "1.CLZ 24/25,Sokol Vysehrad-DP Praha"]
[Site "Praha"]
[Date "2024.11.24"]
[Round "3.3"]
[White "Bujnoch, Radek"]
[Black "Pachmann, Ales"]
[WhiteElo "2303"]
[BlackElo "2295"]
[Result "1/2-1/2"]
[PlyCount "38"]

1. d4 Nf6 2. c4 g6 3. Nc3 Bg7 4. e4 d6 5. Nf3 O-O 6. Be2 e5 7. Be3 exd4 8. Nxd4
Re8 9. f3 c6 10. Bf2 d5 11. exd5 cxd5 12. O-O Nc6 13. c5 Bf8 14. Kh1 Bd7 15.
Ndb5 Bf5 16. Qd2 d4 17. Nxd4 Bxc5 18. Rad1 Nxd4 19. Bxd4 Bxd4 1/2-1/2

[Event "1.CLZ 24/25,Sokol Vysehrad-DP Praha"]
[Site "Praha"]
[Date "2024.11.24"]
[Round "3.4"]
[White "Pribyl, Josef"]
[Black "Vichnar, David"]
[WhiteElo "2183"]
[BlackElo "2292"]
[Result "1/2-1/2"]
[PlyCount "37"]

1. c4 c6 2. Nf3 d5 3. b3 Nf6 4. Bb2 Bf5 5. g3 e6 6. Bg2 h6 7. O-O Be7 8. d3 O-O
9. Nbd2 Nbd7 10. Qc2 Bh7 11. a3 a5 12. Bc3 Rc8 13. Qb2 Nc5 14. Ne5 Ne8 15. f4
Nd6 16. Bd4 Nf5 17. Bf2 f6 18. Nef3 h5 19. b4 1/2-1/2

[Event "1.CLZ 24/25,Sokol Vysehrad-DP Praha"]
[Site "Praha"]
[Date "2024.11.24"]
[Round "3.5"]
[White "Serrano, Salvador"]
[Black "Hajiyev, Kanan"]
[WhiteElo "2269"]
[BlackElo "2106"]
[Result "0-1"]
[PlyCount "94"]

1. Nf3 b6 2. d4 Bb7 3. c4 Nf6 4. Nc3 e6 5. a3 d5 6. cxd5 Nxd5 7. Qc2 Be7 8. Bd2
O-O 9. e4 Nxc3 10. Bxc3 c5 11. Rd1 cxd4 12. Nxd4 Qc8 13. Be2 Nc6 14. Nf3 Rd8
15. Rc1 Qc7 16. O-O Rac8 17. Rfe1 Qf4 18. Qa4 a6 19. Qb3 b5 20. Bf1 h5 21. Bxb5
axb5 22. Qxb5 Ba8 23. Qxh5 Nd4 24. Nxd4 Rxd4 25. g3 Qg5 26. Qxg5 Bxg5 27. f4
Bxf4 28. gxf4 Rdc4 29. Bd2 Rc2 30. b4 Bb7 31. b5 Rxd2 32. Rxc8+ Bxc8 33. Rc1
Bb7 34. Rc4 Re2 35. e5 Rg2+ 36. Kf1 Rxh2 37. a4 Rb2 38. Ke1 Bd5 39. Rd4 Kf8 40.
Kd1 Ke7 41. Kc1 Re2 42. a5 Kd7 43. Rb4 Kc7 44. Kd1 Ra2 45. b6+ Kb7 46. Rb5 Ka6
47. Rc5 Rxa5 0-1

[Event "1.CLZ 24/25,Sokol Vysehrad-DP Praha"]
[Site "Praha"]
[Date "2024.11.24"]
[Round "3.6"]
[White "Adamek, Zdenek"]
[Black "Jurek, Josef"]
[WhiteElo "2086"]
[BlackElo "2191"]
[Result "0-1"]
[PlyCount "120"]

1. d4 Nf6 2. c4 e6 3. Nc3 Bb4 4. e3 c5 5. Nge2 b6 6. a3 Ba5 7. Rb1 Na6 8. Bd2
O-O 9. Nf4 Bb7 10. Be2 cxd4 11. exd4 Bxc3 12. Bxc3 Ne4 13. O-O Nxc3 14. bxc3
Qg5 15. Bf3 Bxf3 16. Qxf3 Rac8 17. Rb5 d5 18. cxd5 Nc7 19. Rb3 Nxd5 20. Nxd5
Qxd5 21. Qxd5 exd5 22. Re1 Rfe8 23. Rxe8+ Rxe8 24. Kf1 Kf8 25. Rb5 Rc8 26. Rb3
Ke7 27. Ke2 Rc6 28. Kd3 Rg6 29. g3 Rf6 30. Ke3 g5 31. f3 Re6+ 32. Kf2 Rh6 33.
Kg2 Rc6 34. Kf2 f5 35. f4 gxf4 36. gxf4 Rh6 37. Kg3 Rg6+ 38. Kf2 Rg4 39. Kf3
Rg1 40. Kf2 Rh1 41. Kg2 Ra1 42. Kg3 h6 43. Kh4 Rf1 44. Kg3 Kd6 45. Rb2 Rc1 46.
Rb3 Rg1+ 47. Kh4 Rg4+ 48. Kh5 Rxf4 49. Kxh6 Ke6 50. Kh5 Rf3 51. Kh4 Re3 52. a4
f4 53. Kg4 f3 54. Kg3 Kf5 55. Rb2 Rxc3 56. Rf2 Ke4 57. h4 Kxd4 58. Rxf3 Rxf3+
59. Kxf3 Ke5 60. Ke3 a6 0-1

[Event "1.CLZ 24/25,Sokol Vysehrad-DP Praha"]
[Site "Praha"]
[Date "2024.11.24"]
[Round "3.7"]
[White "Netusil, Miloslav"]
[Black "Mikhno, Artem"]
[WhiteElo "2155"]
[BlackElo "1986"]
[Result "1-0"]
[PlyCount "69"]

1. e4 c5 2. c3 d6 3. d4 cxd4 4. cxd4 Nf6 5. Nc3 g6 6. Nf3 Bg7 7. Be2 O-O 8. O-O
Nc6 9. d5 Ne5 10. Nxe5 dxe5 11. Be3 Ne8 12. Qb3 Nd6 13. a4 b6 14. f3 e6 15.
Rfd1 Qe7 16. a5 Rb8 17. axb6 axb6 18. Qb4 Rd8 19. Nb5 Bf8 20. Ra7 Qf6 21. dxe6
Qxe6 22. Bc4 Nb7 23. Rxd8 Nxd8 24. Qb3 Qf6 25. Nc7 Ne6 26. Nd5 Qd8 27. Kh1 Bc5
28. Bxc5 Nxc5 29. Qc3 Qd6 30. f4 Nxe4 31. Qe3 Bf5 32. g4 exf4 33. Qd4 Nf2+ 34.
Kg1 Ne4 35. Ne7+ 1-0

[Event "1.CLZ 24/25,Sokol Vysehrad-DP Praha"]
[Site "Praha"]
[Date "2024.11.24"]
[Round "3.8"]
[White "Hrbek, Tomas"]
[Black "Filipi, Stepan"]
[WhiteElo "1955"]
[BlackElo "2153"]
[Result "1/2-1/2"]
[PlyCount "182"]

1. d4 Nf6 2. c4 e6 3. Nc3 Bb4 4. a3 Bxc3+ 5. bxc3 c5 6. e3 O-O 7. Nf3 d6 8. Be2
Nc6 9. O-O e5 10. Qc2 Bg4 11. Bb2 e4 12. Ne1 Qe7 13. Rd1 Rae8 14. h3 Bxe2 15.
Qxe2 Nd7 16. Nc2 Nb6 17. a4 Nxa4 18. Na3 a6 19. Rb1 f5 20. Qd1 Nxb2 21. Rxb2 f4
22. exf4 Rxf4 23. Nc2 cxd4 24. cxd4 Rf7 25. Qh5 Qf6 26. Rxb7 g6 27. Qd5 Nd8 28.
Rxf7 Nxf7 29. Ra1 Qf4 30. Rb1 Qf5 31. Qxf5 gxf5 32. Ne3 f4 33. Nd5 Kg7 34. Nxf4
Rc8 35. Rb4 Nd8 36. Ra4 a5 37. c5 dxc5 38. dxc5 Rxc5 39. Rxe4 Rc1+ 40. Kh2 Ra1
41. Re7+ Nf7 42. Ra7 h6 43. Nd5 Kf8 44. f4 Nd6 45. Ra6 Nc4 46. Rxh6 Rd1 47. Nb6
Ne3 48. g4 Rd4 49. Rh8+ Kg7 50. Ra8 Rb4 51. Nd7 Nc4 52. Ne5 Ne3 53. Rxa5 Rxf4
54. Kg3 Rb4 55. Ra3 Nd5 56. Rf3 Nf6 57. Rf4 Rb5 58. Nf3 Ra5 59. Kh4 Ra8 60. Nd4
Kg6 61. Kg3 Ra3+ 62. Nf3 Nd5 63. Rd4 Nc3 64. Rd3 Ne2+ 65. Kf2 Rxd3 66. Ne5+ Kg5
67. Nxd3 Nd4 68. Ke3 Nc6 69. Ke4 Ne7 70. Kf3 Nc6 71. Kg3 Nd4 72. h4+ Kf6 73.
Kf4 Ne2+ 74. Ke3 Nc3 75. Kd4 Ne2+ 76. Ke3 Nc3 77. Kf3 Nd5 78. Nf4 Nc3 79. h5
Kg5 80. Nh3+ Kf6 81. g5+ Kf5 82. h6 Kg6 83. Nf4+ Kh7 84. Ke3 Nb5 85. Ke4 Nd6+
86. Ke5 Nf7+ 87. Kf6 Nxh6 88. g6+ Kg8 89. Kg5 Nf7+ 90. Kf6 Nd6 91. Nd5 Ne4+
 1/2-1/2

[Event "1.CLZ 24/25,MGMBA Unichess-Lysa nad Labem B"]
[Site "Praha"]
[Date "2024.11.24"]
[Round "3.1"]
[White "Michalik, Peter"]
[Black "Kraus, Tomas"]
[WhiteElo "2562"]
[BlackElo "2457"]
[Result "1-0"]
[PlyCount "85"]

1. d4 d5 2. c4 e6 3. Nf3 Nd7 4. Nc3 Ngf6 5. Bf4 dxc4 6. e3 Nb6 7. Bxc4 Nxc4 8.
Qa4+ Bd7 9. Qxc4 Bc6 10. Ne5 Bd7 11. Nxd7 Qxd7 12. Qxc7 Qxc7 13. Bxc7 Bb4 14.
Ke2 Bxc3 15. bxc3 Rc8 16. Be5 Nd5 17. Bxg7 Rg8 18. Be5 Nxc3+ 19. Kd3 Nd5 20.
Rhc1 Kd7 21. Rab1 b6 22. a3 h5 23. e4 Ne7 24. g3 Nc6 25. Bf4 f6 26. Rc3 e5 27.
dxe5 fxe5 28. Be3 Rg6 29. Rb5 Rd6+ 30. Rd5 Rxd5+ 31. exd5 Ne7 32. Rxc8 Nxc8 33.
Ke4 Nd6+ 34. Kxe5 Nc4+ 35. Ke4 Nxa3 36. f3 Nc4 37. g4 hxg4 38. fxg4 a5 39. h4
a4 40. Bd4 b5 41. h5 b4 42. Kd3 Nd6 43. h6 1-0

[Event "1.CLZ 24/25,MGMBA Unichess-Lysa nad Labem B"]
[Site "Praha"]
[Date "2024.11.24"]
[Round "3.2"]
[White "Vykouk, Jan"]
[Black "Bernasek, Jan"]
[WhiteElo "2473"]
[BlackElo "2496"]
[Result "1/2-1/2"]
[PlyCount "93"]

1. e4 e6 2. d4 d5 3. Nc3 Nf6 4. e5 Nfd7 5. Nce2 c5 6. c3 Nc6 7. Nf3 b5 8. Nf4
Qb6 9. Be2 Be7 10. h4 b4 11. O-O Ba6 12. Be3 Rb8 13. h5 h6 14. dxc5 Bxc5 15.
Bxc5 Nxc5 16. cxb4 Nxb4 17. a3 Nc6 18. Bxa6 Qxa6 19. b4 Nd7 20. Qd3 Qxd3 21.
Nxd3 Ke7 22. Rfc1 Rhc8 23. Rab1 f6 24. exf6+ gxf6 25. Re1 Kd6 26. Rbd1 Nce5 27.
Nd4 Rc3 28. Nf4 Nf8 29. Ng6 Ned7 30. Rc1 Rxc1 31. Rxc1 Ne5 32. Nxf8 Rxf8 33.
Nb5+ Ke7 34. Rc7+ Nd7 35. Rxa7 Rc8 36. Rc7 Rxc7 37. Nxc7 Nb6 38. f3 e5 39. Kf2
Kd7 40. Nb5 d4 41. f4 Kc6 42. fxe5 fxe5 43. Na7+ Kb7 44. Nb5 Kc6 45. Na7+ Kb7
46. Nb5 Kc6 47. Na7+ 1/2-1/2

[Event "1.CLZ 24/25,MGMBA Unichess-Lysa nad Labem B"]
[Site "Praha"]
[Date "2024.11.24"]
[Round "3.3"]
[White "Simek, Petr"]
[Black "Pulpan, Jakub"]
[WhiteElo "2310"]
[BlackElo "2398"]
[Result "0-1"]
[PlyCount "84"]

1. e4 e5 2. Nf3 Nc6 3. Bb5 a6 4. Ba4 Nf6 5. O-O Be7 6. Re1 b5 7. Bb3 O-O 8. c3
d6 9. h3 Nb8 10. d4 Nbd7 11. Nbd2 Bb7 12. Bc2 c5 13. b3 cxd4 14. cxd4 Re8 15.
d5 Rc8 16. b4 Qc7 17. Bb3 a5 18. a3 Bd8 19. Ra2 Qb8 20. Nb1 Qa7 21. Be3 Bb6 22.
Bxb6 Nxb6 23. Qd3 a4 24. Bd1 Bxd5 25. exd5 e4 26. Qxb5 exf3 27. Rxe8+ Rxe8 28.
Nc3 Re1+ 29. Kh2 Qe7 30. Qxb6 Ng4+ 31. Kg3 Qe5+ 32. Kxg4 fxg2 33. Qd8+ Qe8 34.
Qxe8+ Rxe8 35. Ne2 Rxe2 36. Bxe2 g1=Q+ 37. Kf3 Qh1+ 38. Ke3 Qxh3+ 39. f3 Qh6+
40. Kd3 Qg6+ 41. Kc3 Qf6+ 42. Kc4 h5 0-1

[Event "1.CLZ 24/25,MGMBA Unichess-Lysa nad Labem B"]
[Site "Praha"]
[Date "2024.11.24"]
[Round "3.4"]
[White "Cerveny, Martin"]
[Black "Soucek, Petr"]
[WhiteElo "2328"]
[BlackElo "2215"]
[Result "1/2-1/2"]
[PlyCount "110"]

1. Nf3 Nf6 2. c4 e6 3. d4 d5 4. Nc3 Bb4 5. Qc2 dxc4 6. Bg5 h6 7. Bxf6 Qxf6 8.
e3 O-O 9. Bxc4 c5 10. O-O Bxc3 11. Qxc3 cxd4 12. Qxd4 Qxd4 13. Nxd4 Bd7 14.
Rfd1 a6 15. Be2 Rc8 16. Bf3 Ra7 17. Rac1 Rxc1 18. Rxc1 b6 19. Be4 Kf8 20. f4
Ke7 21. b4 Kd8 22. g4 Rc7 23. Rxc7 Kxc7 24. g5 Kd6 25. gxh6 gxh6 26. Kf2 a5 27.
Kg3 axb4 28. Kh4 e5 29. Nc2 Na6 30. Kh5 exf4 31. exf4 Be6 32. Kxh6 Bxa2 33. Kg7
b3 34. Na3 Nc5 35. Bf5 b2 36. h4 Ne6+ 37. Kf6 Nxf4 38. Be4 Nd5+ 39. Kg7 Nc3 40.
Bc2 Kc5 41. h5 Kb4 42. h6 Kxa3 43. h7 Bb1 44. Bxb1 Nxb1 45. h8=Q Nc3 46. Qf8+
Ka4 47. Qa8+ Kb3 48. Qb7 b5 49. Qxf7+ Ka3 50. Qa7+ Kb4 51. Qe7+ Kb3 52. Qf7+
Ka3 53. Qa7+ Na4 54. Qe3+ Ka2 55. Qd2 Ka1 1/2-1/2

[Event "1.CLZ 24/25,MGMBA Unichess-Lysa nad Labem B"]
[Site "Praha"]
[Date "2024.11.24"]
[Round "3.5"]
[White "Toman, Jan"]
[Black "Suran, Jan"]
[WhiteElo "2148"]
[BlackElo "2372"]
[Result "1/2-1/2"]
[PlyCount "77"]

1. d4 d5 2. c4 e6 3. Nc3 Be7 4. Nf3 Nf6 5. Bg5 Nbd7 6. e3 h6 7. Bh4 O-O 8. cxd5
Nxd5 9. Bxe7 Qxe7 10. Bd3 Nxc3 11. bxc3 c5 12. O-O b6 13. Qe2 e5 14. Bb5 exd4
15. cxd4 cxd4 16. Nxd4 Nc5 17. Rfd1 Bb7 18. Bc6 Bxc6 19. Nxc6 Qf6 20. Qf3 Qxf3
21. gxf3 Rfe8 22. Rd6 Re6 23. Rad1 Rxd6 24. Rxd6 Kf8 25. Kf1 Ke8 26. Ke2 Nb7
27. Rd2 a6 28. Rb2 b5 29. a4 Nd6 30. axb5 Nxb5 31. Kd3 Kd7 32. Nb4 Nc7 33. Kc4
Rb8 34. Rd2+ Ke6 35. Nc6 Rb1 36. Nd8+ Ke7 37. Nc6+ Ke6 38. Nd8+ Ke7 39. Nc6+
 1/2-1/2

[Event "1.CLZ 24/25,MGMBA Unichess-Lysa nad Labem B"]
[Site "Praha"]
[Date "2024.11.24"]
[Round "3.6"]
[White "Mikes, Jan"]
[Black "Rehorek, Martin"]
[WhiteElo "2360"]
[BlackElo "2235"]
[Result "1/2-1/2"]
[PlyCount "134"]

1. e4 c5 2. Nf3 e6 3. d4 cxd4 4. Nxd4 a6 5. Bd3 Nc6 6. Nxc6 bxc6 7. Nc3 e5 8.
O-O Nf6 9. f4 Bc5+ 10. Kh1 d6 11. Qe1 Nh5 12. fxe5 dxe5 13. Be2 Nf4 14. Bxf4
exf4 15. Rxf4 O-O 16. Bc4 Be6 17. Bxe6 fxe6 18. Rxf8+ Qxf8 19. Ne2 Rd8 20. Nc1
Bb4 21. c3 Bc5 22. Nb3 Bb6 23. Qe2 a5 24. Nd2 Bc7 25. Nf3 Qc5 26. g3 h6 27. Nd4
Re8 28. Qa6 Rb8 29. Rf1 e5 30. Ne6 Qd6 31. Qc4 Kh8 32. Nxc7 Qxc7 33. Qe6 Rd8
34. Kg1 a4 35. Rf2 a3 36. bxa3 Qd6 37. Qc4 Kh7 38. a4 Ra8 39. h4 Ra7 40. Kh2 c5
41. Kg2 Qe7 42. Rd2 h5 43. Rf2 Kg6 44. Rf5 Kh6 45. Qg8 g6 46. Qh8+ Qh7 47.
Qxh7+ Kxh7 48. Rxe5 Rxa4 49. Rxc5 Rxe4 50. Kf3 Ra4 51. Rc7+ Kh6 52. c4 Rxa2 53.
c5 Ra3+ 54. Kf4 Ra4+ 55. Ke5 Ra3 56. c6 Rxg3 57. Rd7 g5 58. Kd4 Rg1 59. Rd6+
Kg7 60. hxg5 h4 61. Rh6 Rg4+ 62. Kd3 Rg3+ 63. Kc4 Rg4+ 64. Kd3 Rg3+ 65. Ke4
Rxg5 66. Rxh4 Rc5 67. Kd4 Rxc6 1/2-1/2

[Event "1.CLZ 24/25,MGMBA Unichess-Lysa nad Labem B"]
[Site "Praha"]
[Date "2024.11.24"]
[Round "3.7"]
[White "Tesar, Jakub"]
[Black "Spacek, Petr"]
[WhiteElo "2097"]
[BlackElo "2288"]
[Result "0-1"]
[PlyCount "128"]

1. d4 d5 2. c4 e6 3. Nf3 Nf6 4. Nc3 Be7 5. Bf4 O-O 6. e3 Nbd7 7. c5 Ne4 8. Nxe4
dxe4 9. Nd2 e5 10. Bxe5 Nxe5 11. dxe5 Bxc5 12. Nxe4 Bb4+ 13. Nc3 Qe7 14. Qb3
Be6 15. Bc4 Bxc3+ 16. Qxc3 Bxc4 17. Qxc4 Qxe5 18. O-O Rad8 19. Qe2 Rd6 20. Rad1
Rfd8 21. Rxd6 Qxd6 22. g3 g6 23. Qb5 Qd5 24. Qxd5 Rxd5 25. f3 f5 26. Rc1 c6 27.
Rc2 Kf7 28. Kf2 Ke6 29. Ke2 Kd6 30. Rc4 Rc5 31. Rd4+ Ke6 32. Kd3 Rd5 33. b4 Ke5
34. f4+ Kd6 35. e4 fxe4+ 36. Kxe4 Rxd4+ 37. Kxd4 h5 38. h3 b6 39. a4 Ke6 40.
Kc4 Kf5 41. Kd4 h4 42. gxh4 Kxf4 43. a5 Kg3 44. Ke5 Kxh4 45. Kd6 g5 46. Kxc6
Kxh3 47. Kb7 g4 48. Kxa7 g3 49. Kxb6 g2 50. b5 g1=Q+ 51. Kc6 Qa1 52. Kb6 Qd4+
53. Ka6 Qd3 54. Kb6 Qd6+ 55. Kb7 Qd7+ 56. Kb6 Qd8+ 57. Ka6 Qa8+ 58. Kb6 Qb8+
59. Ka6 Kg4 60. b6 Kf5 61. b7 Ke6 62. Kb6 Kd6 63. a6 Kd7 64. Kb5 Qa7 0-1

[Event "1.CLZ 24/25,MGMBA Unichess-Lysa nad Labem B"]
[Site "Praha"]
[Date "2024.11.24"]
[Round "3.8"]
[White "Neckar, Lubomir"]
[Black "Bartos, Jan"]
[WhiteElo "2226"]
[BlackElo "2082"]
[Result "1/2-1/2"]
[PlyCount "108"]

1. Nf3 d5 2. g3 c5 3. Bg2 Nc6 4. d4 e6 5. O-O Nf6 6. c4 dxc4 7. Qa4 Bd7 8. Qxc4
cxd4 9. Nxd4 Rc8 10. Nc3 Nxd4 11. Qxd4 Bc5 12. Qh4 Bc6 13. Rd1 Qa5 14. Bxc6+
Rxc6 15. Bg5 Be7 16. Rd3 O-O 17. Rad1 Rfc8 18. e4 h6 19. Be3 Rc4 20. Qf4 b5 21.
Qe5 Ng4 22. Qxb5 Qxb5 23. Nxb5 Nxe3 24. Rxe3 Rb8 25. Rd7 Bc5 26. Rb3 Rc2 27.
Nd6 Rxb3 28. axb3 Rxf2 29. Kh1 g5 30. Nc4 g4 31. Rd1 Kg7 32. Ne5 Rxb2 33. Nxg4
Rxb3 34. Ne5 a5 35. Rd7 Rb1+ 36. Kg2 Rb2+ 37. Kh3 Re2 38. Rxf7+ Kg8 39. Rc7 Bg1
40. Nf3 Bb6 41. Rc6 Rb2 42. Rxe6 a4 43. Re8+ Kg7 44. Ra8 Rb4 45. Ra6 Be3 46.
Nh4 Rxe4 47. Nf5+ Kh7 48. Nxe3 Rxe3 49. Rxa4 Re2 50. Ra6 Rb2 51. g4 Rc2 52. Kg3
Rb2 53. h4 Rb4 54. Ra7+ Kg8 1/2-1/2

[Event "1.CLZ 24/25,Cesky lev Kolesovice-Spartak Vlasim"]
[Site "Kolesovice"]
[Date "2024.11.24"]
[Round "3.1"]
[White "Movsesjan, Sergej"]
[Black "Mladek, Richard"]
[WhiteElo "2609"]
[BlackElo "2387"]
[Result "1-0"]
[PlyCount "57"]

1. e4 c5 2. Nf3 d6 3. d4 cxd4 4. Nxd4 Nf6 5. Nc3 a6 6. Bg5 e6 7. f3 Be7 8. Qd2
O-O 9. O-O-O b5 10. a3 Qc7 11. h4 Nbd7 12. h5 Rb8 13. g4 b4 14. axb4 Rxb4 15.
Be3 h6 16. g5 hxg5 17. Bxg5 Nc5 18. h6 Qa5 19. Nb1 Nfxe4 20. Bxe7 Nxd2 21. hxg7
Ncb3+ 22. Nxb3 Nxb3+ 23. cxb3 Kxg7 24. Rg1+ Kh7 25. Bd3+ f5 26. Bxf8 Rh4 27.
Rg7+ Kh8 28. Rdg1 Qc5+ 29. Kd1 1-0

[Event "1.CLZ 24/25,Cesky lev Kolesovice-Spartak Vlasim"]
[Site "Kolesovice"]
[Date "2024.11.24"]
[Round "3.2"]
[White "Vojta, Jakub"]
[Black "Rodshtein, Maxim"]
[WhiteElo "2264"]
[BlackElo "2636"]
[Result "0-1"]
[PlyCount "82"]

1. Nf3 d5 2. g3 Nd7 3. d4 Nb6 4. Bg2 Bf5 5. O-O e6 6. a4 a5 7. Nbd2 h6 8. c4
Nf6 9. Ne5 c6 10. e3 Bb4 11. Qe2 O-O 12. Nb3 Nxc4 13. Nxc4 dxc4 14. Qxc4 e5 15.
Rd1 Re8 16. Bd2 Bg4 17. Bxb4 Bxd1 18. Rxd1 axb4 19. Qxb4 Qc7 20. dxe5 Rxe5 21.
h3 Qe7 22. Qxe7 Rxe7 23. Rd4 Nd7 24. Rb4 Ra7 25. Kf1 Kf8 26. a5 Nb8 27. Ke2 Ke8
28. h4 h5 29. g4 Na6 30. Rc4 Re5 31. Nd4 Nb8 32. b4 hxg4 33. Kd3 Na6 34. Nb3 f5
35. Nc1 g6 36. Ne2 Rb5 37. Kc3 c5 38. bxc5 Nxc5 39. Nf4 Raxa5 40. Nxg6 Rb3+ 41.
Kd4 Ne6# 0-1

[Event "1.CLZ 24/25,Cesky lev Kolesovice-Spartak Vlasim"]
[Site "Kolesovice"]
[Date "2024.11.24"]
[Round "3.3"]
[White "Neuman, Petr"]
[Black "Mejzlik, Ondrej"]
[WhiteElo "2426"]
[BlackElo "2259"]
[Result "1-0"]
[PlyCount "81"]

1. e4 c6 2. Nf3 d5 3. d3 Bg4 4. h3 dxe4 5. hxg4 exf3 6. Qxf3 e6 7. c3 Qd5 8. d4
Qxf3 9. gxf3 Nd7 10. Be3 Bd6 11. Nd2 Ne7 12. Ne4 Bc7 13. Bc4 Ng6 14. O-O-O h6
15. Ng3 Nb6 16. Bd3 Nd5 17. Nh5 O-O 18. Bc2 Ndf4 19. Kb1 Nxh5 20. Rxh5 Nf4 21.
Rhh1 Rfe8 22. c4 Rad8 23. Be4 a6 24. a3 Ng2 25. Rhg1 Nxe3 26. fxe3 f5 27. Bc2
f4 28. exf4 Bxf4 29. Rge1 Kf7 30. Re4 g5 31. Bb3 e5 32. c5+ Kf6 33. d5 cxd5 34.
Rxd5 Ke7 35. Rb4 Rb8 36. Rb6 Red8 37. Re6+ Kf8 38. Rxh6 Kg7 39. Rb6 Be3 40.
Rxe5 Bf4 41. Re7+ 1-0

[Event "1.CLZ 24/25,Cesky lev Kolesovice-Spartak Vlasim"]
[Site "Kolesovice"]
[Date "2024.11.24"]
[Round "3.4"]
[White "Vorisek, Jaroslav"]
[Black "Svoboda, Svatopluk"]
[WhiteElo "2249"]
[BlackElo "2344"]
[Result "0-1"]
[PlyCount "104"]

1. d4 Nf6 2. Bg5 c5 3. d5 Qb6 4. Bxf6 gxf6 5. Qc1 f5 6. g3 Bg7 7. c3 d6 8. Nd2
Nd7 9. Nc4 Qc7 10. Qg5 Bf6 11. Qxf5 b5 12. Ne3 b4 13. Qc2 bxc3 14. bxc3 Qa5 15.
Rc1 Rb8 16. Nc4 Qxc3+ 17. Qxc3 Bxc3+ 18. Kd1 Bg7 19. e4 Ne5 20. Nxe5 Bxe5 21.
Nf3 Bg7 22. Nd2 f5 23. Bd3 fxe4 24. Bxe4 O-O 25. f3 Rb4 26. Rc4 Rxc4 27. Nxc4
Ba6 28. Na5 Rb8 29. Nc6 Rb2 30. Nxe7+ Kf8 31. Nf5 Bc3 32. Nxd6 Rxa2 33. f4 Ke7
34. Nf5+ Kd7 35. h3 Bc4 36. Ne3 Bb3+ 37. Bc2 Ra1+ 38. Ke2 Rxh1 39. Bxb3 Rxh3
40. Nf5 Rh5 41. Ba4+ Kd8 42. g4 Rxf5 43. gxf5 Ke7 44. Ke3 Bf6 45. Bd1 Kd6 46.
Bb3 h5 47. Ke4 h4 48. Kf3 Kc7 49. Kg4 a5 50. Kf3 Kb6 51. Bc4 a4 52. Kg4 a3 0-1

[Event "1.CLZ 24/25,Cesky lev Kolesovice-Spartak Vlasim"]
[Site "Kolesovice"]
[Date "2024.11.24"]
[Round "3.5"]
[White "Studnicka, Tomas"]
[Black "Zvolensky, David"]
[WhiteElo "2250"]
[BlackElo "2143"]
[Result "1/2-1/2"]
[PlyCount "45"]

1. d4 Nf6 2. Nf3 d5 3. Bf4 c5 4. e3 Nc6 5. Nbd2 Qb6 6. dxc5 Qxb2 7. Rb1 Qc3 8.
Bb5 g6 9. e4 dxe4 10. Be5 Qa5 11. O-O exf3 12. Qxf3 Qxb5 13. Bxf6 Qxb1 14. Rxb1
exf6 15. Qxf6 Rg8 16. Ne4 Be7 17. Nd6+ Bxd6 18. cxd6 Rb8 19. Re1+ Be6 20. Rxe6+
fxe6 21. Qxe6+ Kf8 22. Qf6+ Ke8 23. Qe6+ 1/2-1/2

[Event "1.CLZ 24/25,Cesky lev Kolesovice-Spartak Vlasim"]
[Site "Kolesovice"]
[Date "2024.11.24"]
[Round "3.6"]
[White "Dudek, Vojtech"]
[Black "Walek, Petr"]
[WhiteElo "2138"]
[BlackElo "2270"]
[Result "1/2-1/2"]
[PlyCount "88"]

1. e4 c5 2. Nf3 g6 3. c3 Bg7 4. d4 cxd4 5. cxd4 d5 6. e5 Bg4 7. Nbd2 Nh6 8.
Bb5+ Nd7 9. O-O Qb6 10. Qb3 O-O 11. h3 Bf5 12. Re1 Rfd8 13. g4 Bc2 14. Qxc2
Qxb5 15. Nf1 Nf8 16. Bf4 Ne6 17. Be3 Kh8 18. Qd2 Ng8 19. Rac1 f6 20. Qe2 Qxe2
21. Rxe2 fxe5 22. dxe5 d4 23. Bd2 Rd5 24. b4 Rf8 25. Kg2 h6 26. Re4 Kh7 27. Ng3
Rfd8 28. h4 a5 29. a3 axb4 30. axb4 Ra8 31. h5 Ra2 32. hxg6+ Kxg6 33. Rd1 Nc7
34. Rxd4 Rxd4 35. Nxd4 Bxe5 36. Nf3 Bxg3 37. Kxg3 Nf6 38. Nh4+ Kh7 39. f3 Ncd5
40. Nf5 e6 41. Nd4 e5 42. Nf5 e4 43. Bxh6 Ra3 44. Rf1 exf3 1/2-1/2

[Event "1.CLZ 24/25,Cesky lev Kolesovice-Spartak Vlasim"]
[Site "Kolesovice"]
[Date "2024.11.24"]
[Round "3.7"]
[White "Movsesian, Julia"]
[Black "Vojta, Tomas"]
[WhiteElo "2209"]
[BlackElo "2321"]
[Result "1/2-1/2"]
[PlyCount "57"]

1. e4 d5 2. exd5 Qxd5 3. Nc3 Qd6 4. d4 Nf6 5. Nf3 Bg4 6. h3 Bh5 7. g4 Bg6 8.
Bg2 Nbd7 9. O-O c6 10. Ne2 e6 11. a3 Qc7 12. c4 c5 13. dxc5 Bxc5 14. Bf4 e5 15.
Bh2 O-O 16. Nc3 Rfe8 17. b4 Bf8 18. c5 Rad8 19. Qb3 b6 20. Nb5 Qc8 21. Nxa7 Qb7
22. c6 Qxa7 23. cxd7 Nxd7 24. Rfe1 Bd6 25. Nh4 Nf8 26. Rad1 Qc7 27. Nxg6 Nxg6
28. Rc1 Qb8 29. Be4 1/2-1/2

[Event "1.CLZ 24/25,Cesky lev Kolesovice-Spartak Vlasim"]
[Site "Kolesovice"]
[Date "2024.11.24"]
[Round "3.8"]
[White "Hradecky, Ivo"]
[Black "Bauer, Jindrich"]
[WhiteElo "1996"]
[BlackElo "2045"]
[Result "1-0"]
[PlyCount "127"]

1. d4 Nf6 2. c4 e6 3. Nc3 Bb4 4. e3 c5 5. Nge2 Ne4 6. f3 Nxc3 7. Nxc3 Bxc3+ 8.
bxc3 O-O 9. Bd3 d6 10. Qc2 h6 11. O-O Nc6 12. Qf2 e5 13. f4 Qf6 14. fxe5 Qxf2+
15. Rxf2 dxe5 16. Ba3 cxd4 17. Bxf8 dxe3 18. Rf3 Kxf8 19. Be4 e2 20. Re3 Na5
21. Rxe2 Bg4 22. Rb2 Rc8 23. Bd5 b6 24. Rb4 f6 25. Kf2 Ke7 26. c5 Rxc5 27. Rxg4
Rxd5 28. Rxg7+ Ke6 29. Re1 Rd3 30. Rxa7 Rxc3 31. Rh7 Nc6 32. Re3 Rc2+ 33. Re2
Rc3 34. Re3 Rc2+ 35. Re2 Rc3 36. Rxh6 Nd4 37. Rb2 b5 38. Rh8 Kf5 39. Rd2 Ne6
40. Rb8 Nc5 41. Ke2 Ne4 42. Rb2 Rc5 43. Rg8 Nc3+ 44. Kd3 e4+ 45. Kd2 e3+ 46.
Kd3 e2 47. Re8 b4 48. Rxb4 Nd5 49. Rbe4 Ra5 50. Rxe2 Nf4+ 51. Kc4 Nxe2 52. Rxe2
Kg4 53. Kb4 Ra8 54. a4 Rb8+ 55. Kc5 Rc8+ 56. Kb6 Rb8+ 57. Kc7 Rb1 58. Ra2 Rc1+
59. Kd6 Rd1+ 60. Ke6 f5 61. a5 Re1+ 62. Kf6 Rc1 63. a6 Rc6+ 64. Ke5 1-0